[Event "POL-ChT3"]
[Site "Lazy POL"]
[Date "2012.09.06"]
[Round "6"]
[White "Kulas, Szymon"]
[Black "Zielinski, Stanislaw"]
[Result "0-1"]
[WhiteElo "2059"]
[BlackElo "2133"]
[EventDate "2012.09.01"]
[PlyCount "84"]

1.d4 d5 2.c4 c6 3.Nf3 Nf6 4.Nc3 e6 5.Bf4 Nbd7 6.e3 Be7 7.h3 O-O 8.Bd3 dxc4
9.Bxc4 b5 10.Bd3 a6 11.O-O Bb7 12.e4 c5 13.e5 Nd5 14.Nxd5 Bxd5 15.Rc1 Rc8 
16.Bb1 Re8 17.Qd3 g6 18.Rfd1 Qb6 19.Ng5 cxd4 20.Rxc8 Rxc8 21.Qg3 Qa5 22.h4
Bxa2 23.Bxa2 Qxa2 24.Rxd4 Nb6 25.h5 Nd5 26.hxg6 Qb1+ 27.Kh2 Qxg6 28.Bd2 
Rc4 29.Rxc4 bxc4 30.Ne4 Kf8 31.Qf3 Qf5 32.Qxf5 exf5 33.Ng3 f4 34.Ne2 Bc5 
35.Kg1 Ke7 36.Nc3 Nxc3 37.bxc3 a5 38.Kf1 a4 39.Ke2 a3 40.Bc1 a2 41.Bb2 Ke6
42.f3 Kxe5 0-1

[Event "POL-ChT3"]
[Site "Lazy POL"]
[Date "2012.09.06"]
[Round "6"]
[White "Bugalski, Michal"]
[Black "Perdek, Miroslaw"]
[Result "1/2-1/2"]
[WhiteElo "2183"]
[BlackElo "2236"]
[EventDate "2012.09.01"]
[PlyCount "115"]

1.f4 d5 2.Nf3 g6 3.g3 Bg7 4.Bg2 Nf6 5.O-O O-O 6.d3 Nc6 7.e3 Re8 8.Ne5 Nxe5
9.fxe5 Ng4 10.d4 f6 11.c4 fxe5 12.Bxd5+ Kh8 13.Bf3 Nh6 14.d5 Bh3 15.Bg2 
Bxg2 16.Kxg2 e4 17.Qb3 e6 18.Nc3 exd5 19.cxd5 b6 20.Bd2 Qd7 21.Rad1 Rad8 
22.Qb5 Nf5 23.Qe2 a5 24.Rf4 Bh6 25.Rxe4 Rf8 26.Rc4 b5 27.Rc5 b4 28.Nb5 Qe7
29.Qc4 Bxe3 30.Rxc7 Qe5 31.Re1 Rxd5 32.Bxb4 axb4 33.Qxb4 Re8 34.a4 Red8 
35.Rc2 Rd3 36.Nc3 Nd4 37.Rf2 Nf5 38.a5 Qd6 39.Qxd6 R8xd6 40.Rfe2 h5 41.Ne4
Ra6 42.b4 Rb3 43.Nd2 Bxd2 44.Rxd2 Rxb4 45.Rd7 Rb8 46.Re5 Rba8 47.Rdd5 Kg7 
48.Kf3 Kf6 49.h4 Ne7 50.Rc5 Nc6 51.Red5 Nxa5 52.g4 hxg4+ 53.Kxg4 Nb7 54.
Rc4 Ra4 55.Rdd4 Rxc4 56.Rxc4 Nd6 57.Rf4+ Ke5 58.Ra4 1/2-1/2

[Event "POL-ChT3"]
[Site "Lazy POL"]
[Date "2012.09.06"]
[Round "6"]
[White "Piotrowski, Przemyslaw"]
[Black "Zielinski, Wojciech"]
[Result "0-1"]
[WhiteElo "1965"]
[BlackElo "2097"]
[EventDate "2012.09.01"]
[PlyCount "50"]

1.e4 e6 2.d4 d5 3.e5 c5 4.c3 Qb6 5.Nf3 Nc6 6.a3 a5 7.Bd3 Bd7 8.O-O cxd4 9.
cxd4 Nxd4 10.Nxd4 Qxd4 11.Nc3 Qb6 12.Bc2 Ne7 13.Be3 Qd8 14.Ba4 Nf5 15.Qb3 
Nxe3 16.fxe3 Be7 17.Qxb7 Bxa4 18.Nxa4 O-O 19.Rac1 Bg5 20.Rc7 Bxe3+ 21.Kh1 
Ra7 22.Qxa7 Bxa7 23.Rxa7 d4 24.Rd1 Qd5 25.Rc7 Qb5 0-1

[Event "POL-ChT3"]
[Site "Lazy POL"]
[Date "2012.09.06"]
[Round "6"]
[White "Jurkiewicz, Joanna"]
[Black "Poznanska, Katarzyna"]
[Result "0-1"]
[WhiteElo "1814"]
[BlackElo "2086"]
[EventDate "2012.09.01"]
[PlyCount "56"]

1.e4 c5 2.Nf3 e6 3.d4 cxd4 4.Nxd4 a6 5.Nc3 b5 6.a3 Bb7 7.Bd3 Qc7 8.O-O Nf6
9.Nb3 Be7 10.Kh1 d6 11.f3 Nbd7 12.Qe2 h5 13.Qf2 h4 14.Rd1 h3 15.g3 Rc8 16.
Be3 d5 17.exd5 Nxd5 18.Nxd5 Bxd5 19.Kg1 Ne5 20.Nd4 Qb7 21.c3 g5 22.Be4 
Bxe4 23.fxe4 Qxe4 24.Qe2 Bc5 25.Rd2 Nc4 26.Bxg5 Nxd2 27.Qxd2 Bxd4+ 28.Kf1 
Qg2+ 0-1

[Event "POL-ChT3"]
[Site "Lazy POL"]
[Date "2012.09.06"]
[Round "6"]
[White "Licznerski, Lukasz"]
[Black "Weichhold, Pawel"]
[Result "1/2-1/2"]
[WhiteElo "2306"]
[BlackElo "2374"]
[EventDate "2012.09.01"]
[PlyCount "81"]

1.e4 c5 2.Nf3 Nc6 3.Nc3 g6 4.d4 cxd4 5.Nxd4 Bg7 6.Be3 Nf6 7.Bc4 O-O 8.Bb3 
d6 9.f3 Bd7 10.Qd2 Nxd4 11.Bxd4 b5 12.Nd5 Nxd5 13.exd5 a5 14.a3 Bxd4 15.
Qxd4 Qc7 16.O-O a4 17.Ba2 Qxc2 18.Rac1 Qf5 19.Rc7 Rfd8 20.Re1 Qf6 21.Qxf6 
exf6 22.Re7 Be8 23.Kf2 Rab8 24.Bb1 Kf8 25.Ke3 Rb6 26.Bc2 Rdb8 27.Ra7 Rc8 
28.Rec7 Rbb8 29.Kd4 Rxc7 30.Rxc7 b4 31.Ra7 bxa3 32.bxa3 Rb2 33.Kc3 Ra2 34.
Bxa4 Bxa4 35.Rxa4 Rxg2 36.Ra8+ Ke7 37.Ra7+ Ke8 38.Ra8+ Kd7 39.Ra7+ Ke8 40.
Ra8+ Kd7 41.Ra7+ 1/2-1/2

[Event "POL-ChT3"]
[Site "Lazy POL"]
[Date "2012.09.06"]
[Round "6"]
[White "Kulon, Klaudia"]
[Black "Gralka, Julian"]
[Result "1-0"]
[WhiteElo "2264"]
[BlackElo "2231"]
[EventDate "2012.09.01"]
[PlyCount "115"]

1.c4 e6 2.g3 d5 3.Bg2 Nf6 4.Nf3 Be7 5.O-O O-O 6.d4 Nbd7 7.Qc2 c6 8.Nbd2 b6
9.e4 Bb7 10.e5 Ne8 11.cxd5 exd5 12.Re1 c5 13.Nf1 Nc7 14.b3 Ne6 15.Bb2 Rc8 
16.Qf5 cxd4 17.Nxd4 Ndc5 18.Rad1 Qc7 19.Ne3 Nxd4 20.Bxd4 Rfd8 21.Ba1 d4 
22.Bxb7 dxe3 23.Bxc8 exf2+ 24.Kxf2 Rxc8 25.Kg2 a5 26.Bd4 Ne6 27.Be3 Bc5 
28.Bxc5 bxc5 29.Rd6 Re8 30.Qf3 Qe7 31.Qd5 Qg5 32.Rf1 h5 33.Rd7 Qg6 34.Qd3 
Qxd3 35.Rxd3 Nd4 36.Re1 Kf8 37.Rc3 Ne6 38.Rd1 Ke7 39.Rc4 Ra8 40.Ra4 Ra6 
41.Rd3 g6 42.Kf2 f6 43.exf6+ Kxf6 44.Rd5 Ra7 45.Ke3 Ra8 46.Rd6 Ke5 47.Rb6 
Kd5 48.Rb5 Re8 49.Kd3 Rf8 50.Rbxa5 Rf2 51.Rh4 Kc6 52.Ra6+ Kd5 53.Kc3 Rf3+ 
54.Kb2 Rf2+ 55.Ka3 Re2 56.b4 Re3+ 57.Ka4 cxb4 58.Kxb4 1-0

[Event "POL-ChT3"]
[Site "Lazy POL"]
[Date "2012.09.06"]
[Round "6"]
[White "Wozniak, Marcin"]
[Black "Adamowicz, Maciej"]
[Result "1/2-1/2"]
[WhiteElo "2215"]
[BlackElo "1985"]
[EventDate "2012.09.01"]
[PlyCount "120"]

1.c4 c5 2.g3 Nc6 3.Bg2 g6 4.e3 Bg7 5.Ne2 e5 6.O-O Nge7 7.Nbc3 O-O 8.a3 a5 
9.Rb1 d6 10.d3 Rb8 11.f4 f5 12.Bd2 Be6 13.Nd5 b5 14.Nxe7+ Nxe7 15.b3 b4 
16.axb4 axb4 17.Qc2 Bd7 18.fxe5 dxe5 19.e4 Bc6 20.Ra1 Ra8 21.Rxa8 Qxa8 22.
Be3 Qa5 23.Bg5 Qa7 24.Qd2 Qb7 25.Nc1 Nc8 26.exf5 gxf5 27.Be3 Qb6 28.Qf2 
Bxg2 29.Qxg2 Ne7 30.Qf2 Rc8 31.Bg5 Bf6 32.Qe3 Qc6 33.Bxf6 Qxf6 34.Re1 Ng6 
35.Qf3 Rd8 36.Kh1 Kh8 37.Rf1 Ne7 38.Qb7 Qd6 39.Rf2 Rd7 40.Qa8+ Rd8 41.Qb7 
Rd7 42.Qa8+ Rd8 43.Qg2 Qh6 44.Qf1 Qc6+ 45.Kg1 Ra8 46.Ra2 Rxa2 47.Nxa2 Qa6 
48.Qf2 Qa7 49.Kg2 Qa8+ 50.Kg1 Qa7 51.h4 Qb6 52.Kh2 Qd6 53.Nc1 Kg7 54.Qe3 
h6 55.Ne2 Nc6 56.Qf3 Qd7 57.Kg2 Na5 58.Qe3 Qc6+ 59.Kh2 Qd6 60.Nc1 Nc6 
1/2-1/2

[Event "POL-ChT3"]
[Site "Lazy POL"]
[Date "2012.09.06"]
[Round "6"]
[White "Kamieniecki, Tomasz"]
[Black "Bokiej, Przemyslaw"]
[Result "1/2-1/2"]
[WhiteElo "1992"]
[BlackElo "2189"]
[EventDate "2012.09.01"]
[PlyCount "79"]

1.d4 e6 2.c4 b6 3.Nc3 Bb7 4.e4 Bb4 5.Bd3 f5 6.Qe2 Qh4 7.g3 Qe7 8.f3 Nc6 9.
Be3 fxe4 10.fxe4 e5 11.O-O-O Bxc3 12.bxc3 Nf6 13.d5 Nb8 14.Kb2 Na6 15.Nf3 
Nc5 16.Nd2 Na4+ 17.Kb3 Nc5+ 18.Kb2 O-O 19.h3 Na4+ 20.Kb3 Nc5+ 21.Kb2 d6 
22.g4 Nxd3+ 23.Qxd3 Nd7 24.h4 Nc5 25.Qe2 Qd7 26.Rdf1 Ba6 27.g5 Rab8 28.
Rxf8+ Rxf8 29.Rf1 Qh3 30.Rxf8+ Kxf8 31.Bxc5 bxc5 32.Qf2+ Ke7 33.Kb3 Bc8 
34.Nf1 Qg4 35.Ng3 Qf4 36.Qe1 g6 37.Qf1 Qxh4 38.Qf6+ Ke8 39.Qh8+ Ke7 40.
Qg7+ 1/2-1/2

[Event "POL-ChT3"]
[Site "Lazy POL"]
[Date "2012.09.06"]
[Round "6"]
[White "Gralka, Przemyslaw"]
[Black "Malaczek, Mateusz"]
[Result "1-0"]
[WhiteElo "2289"]
[BlackElo "1816"]
[EventDate "2012.09.01"]
[PlyCount "83"]

1.e4 c5 2.Nf3 g6 3.d4 Bg7 4.Nc3 cxd4 5.Nxd4 Nc6 6.Be3 Nf6 7.Bc4 O-O 8.f3 
Qa5 9.Qd2 Nxd4 10.Bxd4 Qb4 11.b3 d6 12.O-O Bd7 13.Rad1 Rfc8 14.Kh1 b5 15.
Nxb5 Rxc4 16.bxc4 Qxc4 17.Na3 Qa6 18.Qd3 Qa5 19.Rb1 Be6 20.Rb5 Qc7 21.c4 
Nd7 22.Bxg7 Kxg7 23.Qd4+ Kg8 24.f4 Rc8 25.f5 Bxc4 26.Nxc4 Qxc4 27.Qxc4 
Rxc4 28.Rb7 Nc5 29.Rxe7 Nxe4 30.fxg6 hxg6 31.Rxa7 f5 32.Rb1 Rc8 33.a4 d5 
34.Rab7 d4 35.Rb8 Rxb8 36.Rxb8+ Kf7 37.Rd8 d3 38.a5 Ke7 39.Rd4 Nc5 40.Rxd3
Ke6 41.Ra3 Na6 42.Rb3 1-0

[Event "POL-ChT3"]
[Site "Lazy POL"]
[Date "2012.09.06"]
[Round "6"]
[White "Adamowicz, Katarzyna"]
[Black "Wesolowska, Edyta"]
[Result "1-0"]
[WhiteElo "2109"]
[BlackElo "1951"]
[EventDate "2012.09.01"]
[PlyCount "81"]

1.e4 e5 2.Nf3 Nc6 3.Bb5 a6 4.Ba4 Nf6 5.O-O Be7 6.Re1 b5 7.Bb3 d6 8.c3 O-O 
9.a4 Bb7 10.d4 Na5 11.Bc2 c5 12.axb5 axb5 13.d5 Qc7 14.b3 Rfb8 15.Nbd2 Bc8
16.Nf1 Nb7 17.Bd2 Ra5 18.Qe2 Bd7 19.Ng3 Rba8 20.Rxa5 Rxa5 21.c4 b4 22.Nf5 
Bxf5 23.exf5 Ra2 24.Rc1 Qa5 25.h3 Qa3 26.Qd1 Qb2 27.g4 e4 28.Ne1 Na5 29.
Be3 Qe5 30.g5 Ne8 31.Qg4 f6 32.Bxe4 Ra1 33.Nd3 Qc3 34.Kg2 Rxc1 35.Bxc1 
fxg5 36.Bb2 Qd2 37.f6 Nxf6 38.Qe6+ Kf8 39.Bxf6 gxf6 40.Bxh7 Ke8 41.Qc8+ 
1-0

[Event "POL-ChT3"]
[Site "Lazy POL"]
[Date "2012.09.06"]
[Round "6"]
[White "Staroszczyk, Mateusz"]
[Black "Najbar, Marcin"]
[Result "1/2-1/2"]
[WhiteElo "2024"]
[BlackElo "2199"]
[EventDate "2012.09.01"]
[PlyCount "80"]

1.c4 g6 2.Nc3 Bg7 3.g3 c5 4.Bg2 Nc6 5.a3 d6 6.Rb1 a5 7.d3 e5 8.e3 Nge7 9.
Nge2 O-O 10.O-O Bf5 11.Ne4 Rb8 12.N2c3 Kh8 13.Qb3 Be6 14.Nb5 Nc8 15.Nec3 
N6e7 16.Bd2 b6 17.Rfe1 Qd7 18.d4 exd4 19.exd4 cxd4 20.Nd5 Nf5 21.Bf4 h6 
22.h4 Rd8 23.Ndc7 Nce7 24.Rbd1 Rbc8 25.Nd5 Bxd5 26.cxd5 a4 27.Qb4 Rc5 28.
Nxd4 Nxd5 29.Bxd5 Rxd5 30.Nxf5 Rxd1 31.Rxd1 Qxf5 32.Qxb6 Rc8 33.Qxd6 Rc2 
34.Qd5 Qxd5 35.Rxd5 Bxb2 36.Ra5 Bd4 37.Rxa4 Bxf2+ 38.Kf1 g5 39.hxg5 hxg5 
40.Bxg5 Bxg3 1/2-1/2

[Event "POL-ChT3"]
[Site "Lazy POL"]
[Date "2012.09.06"]
[Round "6"]
[White "Krzywda, Andrzej"]
[Black "Krasiewicz, Robert"]
[Result "1-0"]
[WhiteElo "2153"]
[BlackElo "2033"]
[EventDate "2012.09.01"]
[PlyCount "75"]

1.d4 f5 2.c4 Nf6 3.g3 g6 4.Bg2 Bg7 5.Nf3 d6 6.O-O O-O 7.Nc3 Qe8 8.d5 c6 9.
Rb1 Na6 10.Nd4 Bd7 11.b3 Nc7 12.Bb2 c5 13.Nc2 b5 14.cxb5 Nxb5 15.Nxb5 Bxb5
16.b4 Rc8 17.bxc5 dxc5 18.Ne3 Qd7 19.Be5 Ne8 20.f4 Nd6 21.Qc2 Rfd8 22.Bf3 
Ba4 23.Qb2 Bf8 24.Rfc1 Rb8 25.Qxb8 Rxb8 26.Rxb8 Qc7 27.Rcb1 c4 28.Bxd6 
Qxd6 29.Rc8 Bd7 30.Rxc4 Bg7 31.Kg2 Qa3 32.Rb3 Qxa2 33.Rb8+ Bf8 34.Rc7 Qa4 
35.d6 e6 36.Rbb7 Qd4 37.Rxd7 Qxe3 38.Rd8 1-0

[Event "POL-ChT3"]
[Site "Lazy POL"]
[Date "2012.09.06"]
[Round "6"]
[White "Maciaga, Marcin"]
[Black "Malecki, Rafal"]
[Result "1-0"]
[WhiteElo "2197"]
[BlackElo "2094"]
[EventDate "2012.09.01"]
[PlyCount "103"]

1.d4 Nf6 2.c4 e6 3.g3 Bb4+ 4.Bd2 Qe7 5.Nf3 O-O 6.Bg2 Bxd2+ 7.Qxd2 d6 8.Nc3
Nbd7 9.e4 e5 10.O-O c6 11.h3 Re8 12.Rfe1 a6 13.Rad1 b5 14.c5 dxc5 15.dxe5 
Nxe5 16.Nxe5 Qxe5 17.f4 Qe7 18.e5 Nd5 19.Ne4 Bb7 20.Nd6 Red8 21.f5 Rxd6 
22.exd6 Qxd6 23.Qg5 h6 24.Qh4 c4 25.Kh2 Rf8 26.f6 Qxf6 27.Qxf6 Nxf6 28.Re7
Rb8 29.Rc7 Ne8 30.Rcd7 Kf8 31.g4 a5 32.h4 a4 33.g5 hxg5 34.hxg5 b4 35.Rf1 
f6 36.Kg3 Bc8 37.Rd8 Ke7 38.Rfd1 c3 39.bxc3 bxc3 40.Bxc6 Nc7 41.gxf6+ gxf6
42.Bxa4 Ra8 43.Bc2 Ne6 44.Rh8 Rxa2 45.Rh7+ Kf8 46.Bf5 c2 47.Rh8+ Kg7 48.
Rh7+ Kg8 49.Rdh1 Ng5 50.Rh8+ Kg7 51.Rxc8 Ra3+ 52.Kg2 1-0

[Event "POL-ChT3"]
[Site "Lazy POL"]
[Date "2012.09.06"]
[Round "6"]
[White "Zgadzaj, Rafal"]
[Black "Sliwinski, Marcin"]
[Result "1-0"]
[WhiteElo "2153"]
[BlackElo "2108"]
[EventDate "2012.09.01"]
[PlyCount "59"]

1.Nf3 f5 2.c4 Nf6 3.g3 g6 4.Bg2 Bg7 5.Nc3 O-O 6.O-O d6 7.d3 Nc6 8.Rb1 e5 
9.b4 Qe8 10.e3 e4 11.dxe4 fxe4 12.Nd2 Bg4 13.Qc2 Ne5 14.Ndxe4 Bf3 15.Nxf6+
Rxf6 16.Nd5 Rf7 17.Bb2 c6 18.Nf4 g5 19.Bxe5 dxe5 20.Bxf3 exf4 21.Bh5 f3 
22.c5 Qd7 23.Bxf7+ Kxf7 24.Qe4 Kg8 25.Qxf3 Rf8 26.Qe4 Qh3 27.b5 Rf6 28.
bxc6 bxc6 29.Rb8+ Bf8 30.Rd1 1-0

[Event "POL-ChT3"]
[Site "Lazy POL"]
[Date "2012.09.06"]
[Round "6"]
[White "Moskwinski, Tadeusz"]
[Black "Sztwiertnia, Jan Krzysztof"]
[Result "1/2-1/2"]
[WhiteElo "2078"]
[BlackElo "2073"]
[EventDate "2012.09.01"]
[PlyCount "49"]

1.c4 Nf6 2.g3 e6 3.Bg2 d5 4.Nf3 c6 5.Qc2 Nbd7 6.b3 Bd6 7.Bb2 O-O 8.d3 Qe7 
9.O-O e5 10.e4 dxe4 11.dxe4 a5 12.Nc3 Nc5 13.Rad1 Bg4 14.h3 Bxf3 15.Bxf3 
Ne6 16.Ne2 Rfd8 17.Bg2 Qc7 18.Rd2 Bb4 19.Rxd8+ Rxd8 20.Rd1 Rd7 21.Rxd7 
Nxd7 22.Qd1 Bc5 23.Bc3 Ndf8 24.Qe1 Bb6 25.Qa1 1/2-1/2

[Event "POL-ChT3"]
[Site "Lazy POL"]
[Date "2012.09.06"]
[Round "6"]
[White "Hermanowicz, Dominika"]
[Black "Andrzejewska, Anna"]
[Result "1/2-1/2"]
[WhiteElo "2076"]
[BlackElo "1990"]
[EventDate "2012.09.01"]
[PlyCount "117"]

1.e4 e5 2.Nf3 Nc6 3.Bb5 a6 4.Ba4 Nf6 5.O-O b5 6.Bb3 Be7 7.Re1 d6 8.c3 O-O 
9.h3 Na5 10.Bc2 c5 11.d3 h6 12.Nbd2 Nc6 13.Nf1 Re8 14.Ng3 Bf8 15.d4 cxd4 
16.cxd4 Nxd4 17.Nxd4 exd4 18.Qxd4 Be6 19.Bf4 Rc8 20.Bb3 d5 21.e5 Bc5 22.
Qd3 Nd7 23.Nf5 Nb6 24.Bc2 Bxf5 25.Qxf5 g6 26.Qd3 Qh4 27.Bg3 Qd4 28.b3 Qxd3
29.Bxd3 Bb4 30.Re2 Bc3 31.Rd1 Nd7 32.f4 Nc5 33.Bf2 d4 34.Kf1 Ne6 35.g3 Rc5
36.Kg2 Kg7 37.Kf3 f5 38.exf6+ Kxf6 39.g4 Re7 40.h4 g5 41.hxg5+ hxg5 42.f5 
Nf4 43.Rxe7 Kxe7 44.Be4 Kf6 45.Rxd4 Rc7 46.Rd6+ Ke5 47.Rc6 Rh7 48.Rxc3 
Rh3+ 49.Bg3 Rxg3+ 50.Kxg3 Ne2+ 51.Kf3 Nxc3 52.Bb7 a5 53.a3 Nb1 54.a4 bxa4 
55.bxa4 Nd2+ 56.Ke3 Nc4+ 57.Kf3 Nb2 58.Ke3 Nc4+ 59.Kf3 1/2-1/2

[Event "POL-ChT3"]
[Site "Lazy POL"]
[Date "2012.09.06"]
[Round "6"]
[White "Borgula, Rafal"]
[Black "Jagodzinski, Piotr"]
[Result "1-0"]
[WhiteElo "2306"]
[BlackElo "2167"]
[EventDate "2012.09.01"]
[PlyCount "126"]

1.Nf3 Nf6 2.d4 g6 3.g3 c5 4.Bg2 Bg7 5.O-O O-O 6.c4 Qc7 7.d5 d6 8.Nc3 Na6 
9.Ne1 Bd7 10.a3 Rfb8 11.Qc2 Qc8 12.e4 Bh3 13.Nd3 Bxg2 14.Kxg2 Nc7 15.a4 a6
16.a5 b5 17.axb6 Rxb6 18.Re1 Nd7 19.Bg5 h6 20.Bf4 Qb8 21.Ra3 Ne5 22.Bxe5 
Bxe5 23.Na4 Rb4 24.Nxe5 dxe5 25.b3 Qa7 26.Qd2 Kh7 27.Qe3 Nb5 28.cxb5 axb5 
29.Rea1 c4 30.Qxa7 Rxa7 31.Nc5 Rxa3 32.Rxa3 c3 33.Ra2 Rd4 34.Rc2 b4 35.Kf3
f5 36.Ke3 fxe4 37.Nxe4 Rxd5 38.Nxc3 bxc3 39.Rxc3 Kg7 40.b4 Kf7 41.Rb3 Rb5 
42.Kd3 Ke6 43.Kc4 Rb8 44.b5 Rc8+ 45.Kd3 Kd7 46.b6 Rd8 47.Ke4 Kc8 48.Rb2 
Kb7 49.Kxe5 Rd6 50.f4 h5 51.f5 gxf5 52.Kxf5 Rd4 53.Re2 Kxb6 54.Rxe7 Rd2 
55.h4 Rf2+ 56.Ke5 Re2+ 57.Kf6 Rf2+ 58.Kg7 Kc6 59.Re5 Rf3 60.Rg5 Kd6 61.Kg6
Ke6 62.Kh6 Kf6 63.Kxh5 Ke6 1-0

[Event "POL-ChT3"]
[Site "Lazy POL"]
[Date "2012.09.06"]
[Round "6"]
[White "Goluch, Piotr"]
[Black "Konieczynski, Piotr"]
[Result "1/2-1/2"]
[WhiteElo "2239"]
[BlackElo "1933"]
[EventDate "2012.09.01"]
[PlyCount "58"]

1.Nf3 d5 2.c4 c6 3.d4 Nf6 4.Nc3 dxc4 5.a4 Bf5 6.Ne5 e6 7.e3 Bb4 8.Bd2 a5 
9.Bxc4 Nbd7 10.Nxd7 Qxd7 11.O-O O-O 12.Qe2 Rfd8 13.Rfd1 Qe7 14.Rac1 e5 15.
dxe5 Qxe5 16.f3 Be6 17.Bxe6 Qxe6 18.e4 Rd7 19.Be3 Rad8 20.Bb6 Rxd1+ 21.
Rxd1 Rxd1+ 22.Qxd1 Qd7 23.Qc2 Qe6 24.Ne2 Nd7 25.Be3 Ne5 26.b3 Qd6 27.Nf4 
Ng6 28.Nd3 Ne5 29.Nf4 Ng6 1/2-1/2

[Event "POL-ChT3"]
[Site "Lazy POL"]
[Date "2012.09.06"]
[Round "6"]
[White "Katafiasz, Tomasz"]
[Black "Kalvaitis, Sigitas"]
[Result "0-1"]
[WhiteElo "1881"]
[BlackElo "2233"]
[EventDate "2012.09.01"]
[PlyCount "132"]

1.d4 Nf6 2.c4 e6 3.Nf3 d5 4.Nc3 Be7 5.Bg5 O-O 6.e3 Nbd7 7.Qc2 c6 8.cxd5 
exd5 9.Bd3 Re8 10.O-O Nf8 11.a3 a5 12.Rab1 Ng6 13.b4 axb4 14.axb4 Bd6 15.
e4 dxe4 16.Nxe4 Be7 17.Nxf6+ Bxf6 18.Bxf6 Qxf6 19.Rfe1 Be6 20.Be4 Ra2 21.
Qc3 Nf4 22.Qe3 Rea8 23.b5 R2a3 24.Qc1 g6 25.bxc6 bxc6 26.Qxc6 Rc8 27.Qd6 
Ra5 28.Rb6 Qd8 29.Qb4 Ra2 30.Qd6 Ne2+ 31.Kh1 Nc3 32.Qxd8+ Rxd8 33.h3 Nxe4 
34.Rxe4 Rxf2 35.Kg1 Ra2 36.Ne1 Ra4 37.Rb2 Raxd4 38.Rxd4 Rxd4 39.Nf3 Ra4 
40.Kf2 Kg7 41.Rd2 Kf6 42.Nd4 Bc4 43.Nf3 h6 44.Rd6+ Kg7 45.Rd2 g5 46.Ne5 
Be6 47.Nf3 Kg6 48.Nd4 h5 49.Nf3 Ra3 50.Ne5+ Kf6 51.Nf3 g4 52.Ne1 g3+ 53.
Ke2 Bc4+ 54.Nd3 Ke6 55.Ke3 Kd5 56.Rd1 f5 57.Rd2 Bxd3 58.Rxd3+ Rxd3+ 59.
Kxd3 f4 60.Ke2 Ke4 61.Kf1 Kd3 62.Ke1 Ke3 63.Kf1 Kd2 64.Kg1 Ke2 65.Kh1 f3 
66.gxf3 Kf2 0-1

[Event "POL-ChT3"]
[Site "Lazy POL"]
[Date "2012.09.06"]
[Round "6"]
[White "Cajbel, Maciej"]
[Black "Majdan, Damian"]
[Result "1/2-1/2"]
[WhiteElo "2237"]
[BlackElo "1779"]
[EventDate "2012.09.01"]
[PlyCount "92"]

1.e4 c6 2.d4 d5 3.Nc3 dxe4 4.Nxe4 Nd7 5.Nf3 Ngf6 6.Nxf6+ Nxf6 7.Bc4 e6 8.
O-O Be7 9.Qe2 O-O 10.c3 c5 11.dxc5 Bxc5 12.Bg5 Be7 13.Rad1 Qc7 14.Ne5 b6 
15.Bf4 Bd6 16.Rxd6 Qxd6 17.Ng6 Qd8 18.Nxf8 Qxf8 19.Qf3 Nd5 20.Be5 Bb7 21.
Bd3 Qe7 22.Qh3 g6 23.c4 Nb4 24.Bb1 Rd8 25.Qc3 Qf8 26.Bf6 Rd7 27.a3 Na6 28.
b4 Nc7 29.a4 Ne8 30.Be5 f6 31.Bf4 e5 32.Be3 Ng7 33.c5 bxc5 34.Ba2+ Kh8 35.
Qxc5 Qxc5 36.Bxc5 a6 37.h3 Bc6 38.Bc4 Bxa4 39.Ra1 Rd1+ 40.Rxd1 Bxd1 41.
Bxa6 Ne6 42.Bd6 Nd4 43.Kf1 Ba4 44.Ke1 Bb5 45.Bxb5 Nxb5 46.Bc5 Kg7 1/2-1/2

[Event "POL-ChT3"]
[Site "Lazy POL"]
[Date "2012.09.06"]
[Round "6"]
[White "Maksimenko, Andrei Jr"]
[Black "Czachor, Radoslaw"]
[Result "1-0"]
[WhiteElo "1896"]
[BlackElo "2063"]
[EventDate "2012.09.01"]
[PlyCount "55"]

1.e4 e6 2.Nf3 d5 3.Nc3 Nf6 4.e5 Nfd7 5.d4 c5 6.dxc5 Bxc5 7.Bd3 Nc6 8.Bf4 
a6 9.O-O Qc7 10.Qe2 Nd4 11.Qd1 b5 12.Re1 b4 13.Na4 Ba7 14.c3 Nxf3+ 15.Qxf3
Qa5 16.Bc2 Bb7 17.Qg3 g6 18.Bd2 bxc3 19.Nxc3 Qc5 20.Rac1 Rc8 21.Ba4 Qe7 
22.Bg5 Qb4 23.a3 Qf8 24.Nxd5 exd5 25.Qg4 Bc6 26.Rxc6 Rxc6 27.Bxc6 Bxf2+ 
28.Kh1 1-0

[Event "POL-ChT3"]
[Site "Lazy POL"]
[Date "2012.09.06"]
[Round "6"]
[White "Ogonowska, Katarzyna"]
[Black "Weglarz, Joanna"]
[Result "1/2-1/2"]
[WhiteElo "1846"]
[BlackElo "2007"]
[EventDate "2012.09.01"]
[PlyCount "120"]

1.e4 c5 2.Nf3 Nc6 3.d4 cxd4 4.Nxd4 e5 5.Nb5 d6 6.N1c3 a6 7.Na3 Nf6 8.Bg5 
Be7 9.Nc4 Nd4 10.Bxf6 Bxf6 11.Nd5 Bg4 12.Qd3 Rc8 13.Nce3 Be6 14.c3 Bxd5 
15.Nxd5 Nc6 16.Rd1 Bg5 17.g3 O-O 18.Bh3 Rb8 19.O-O b5 20.b4 Ne7 21.f4 Nxd5
22.Qxd5 exf4 23.gxf4 Qb6+ 24.Kh1 Bf6 25.Rf3 Rfd8 26.Rg1 Qb7 27.Qf5 Qe7 28.
Rfg3 Re8 29.Bg2 Rbc8 30.Rh3 g6 31.Bf3 Bg7 32.Qd5 Qe6 33.Qxe6 fxe6 34.Rhg3 
Rxc3 35.f5 Bd4 36.Rd1 Be5 37.Rh3 exf5 38.exf5 gxf5 39.Bd5+ Kh8 40.Rh5 Rc2 
41.Rxf5 Rxh2+ 42.Kg1 Rh4 43.Rc1 Rxb4 44.Rc7 Rg4+ 45.Kh1 Rg7 46.Rc6 a5 47.
Rb6 Rc8 48.Rf1 Rg5 49.Rxb5 Rc2 50.Rf8+ Kg7 51.Rg8+ Kh6 52.Rxg5 Kxg5 53.
Rxa5 h5 54.Ra4 Rd2 55.Be6 Rd4 56.Rxd4 Bxd4 57.Bd5 Kf4 58.Bf7 h4 59.a4 Bb6 
60.Kh2 Ke5 1/2-1/2

[Event "POL-ChT3"]
[Site "Lazy POL"]
[Date "2012.09.06"]
[Round "6"]
[White "Stachanczyk, Jacek"]
[Black "Matuszewski, Michal"]
[Result "1-0"]
[WhiteElo "2247"]
[BlackElo "2368"]
[EventDate "2012.09.01"]
[PlyCount "75"]

1.e4 c5 2.Nf3 d6 3.d4 cxd4 4.Nxd4 Nf6 5.Nc3 a6 6.Bg5 e6 7.f4 Be7 8.Qf3 h6 
9.Bh4 Nbd7 10.O-O-O Qc7 11.Bd3 g5 12.fxg5 Ne5 13.Qe2 Nfg4 14.Nf3 hxg5 15.
Bg3 b5 16.h3 Nf6 17.Qe3 Nh5 18.Bxe5 dxe5 19.Nxg5 Nf4 20.h4 Nxg2 21.Qf3 Nf4
22.Ne2 Nxd3+ 23.Qxd3 f6 24.Nh3 Bb7 25.Nf2 Rd8 26.Qg3 Kf7 27.Rxd8 Qxd8 28.
Rg1 Rg8 29.Ng4 Kf8 30.Qe3 Rh8 31.Qg3 Ke8 32.h5 Bxe4 33.Nc3 Bh7 34.Rd1 Qc7 
35.Qf3 Rf8 36.Ne4 Qc4 37.Nexf6+ Kf7 38.Nxe5+ 1-0

[Event "POL-ChT3"]
[Site "Lazy POL"]
[Date "2012.09.06"]
[Round "6"]
[White "Tobolski, Jakub"]
[Black "Gumula, Daniel"]
[Result "0-1"]
[WhiteElo "2089"]
[BlackElo "2273"]
[EventDate "2012.09.01"]
[PlyCount "78"]

1.e4 c5 2.Nf3 d6 3.d4 Nf6 4.Nc3 cxd4 5.Nxd4 Bd7 6.Bg5 e6 7.f4 Nc6 8.Qd2 h6
9.Bxf6 Qxf6 10.Ndb5 O-O-O 11.Nxd6+ Bxd6 12.Qxd6 Be8 13.Qc5 Qxf4 14.Bd3 Kb8
15.Qf2 Qxf2+ 16.Kxf2 Ne5 17.Ke3 g5 18.Raf1 Bc6 19.Be2 f5 20.g3 Ng6 21.Rd1 
f4+ 22.gxf4 gxf4+ 23.Kf3 Rdf8 24.h3 Nh4+ 25.Kf2 f3 26.Bc4 Rhg8 27.Rhg1 
Rg2+ 28.Rxg2 fxg2+ 29.Kg3 Rg8+ 30.Kf2 Nf3 31.Ne2 Bxe4 32.Bxe6 Rf8 33.Ke3 
Bc6 34.Bg4 Ne5 35.b4 Nxg4+ 36.hxg4 Rf1 37.Rd8+ Kc7 38.Rd2 Rf3+ 39.Kd4 Rf2 
0-1

[Event "POL-ChT3"]
[Site "Lazy POL"]
[Date "2012.09.06"]
[Round "6"]
[White "Tokarski, Lukasz"]
[Black "Matuszczyk, Przemyslaw"]
[Result "0-1"]
[WhiteElo "2278"]
[BlackElo "2067"]
[EventDate "2012.09.01"]
[PlyCount "114"]

1.e4 c6 2.d4 d5 3.e5 Bf5 4.c4 e6 5.Nc3 Ne7 6.g4 Bg6 7.Nge2 dxc4 8.Ng3 Bd3 
9.Bxd3 cxd3 10.Qxd3 c5 11.Nge4 Nec6 12.Bg5 Qxd4 13.Qb5 Qb4 14.a3 Qxb5 15.
Nxb5 Na6 16.f4 h6 17.Bh4 g5 18.Nf6+ Ke7 19.O-O-O Rd8 20.Nd6 Bg7 21.fxg5 
Nxe5 22.Nfe4 hxg5 23.Bxg5+ f6 24.Bf4 Ng6 25.Bg3 b6 26.Rhf1 Nb8 27.h4 Nxh4 
28.g5 f5 29.Bxh4 Rxh4 30.Rxf5 Rf8 31.Rxf8 Bxf8 32.Rf1 Nd7 33.Rf7+ Kd8 34.
g6 Rh1+ 35.Kd2 Rg1 36.Nc4 b5 37.Na5 Rxg6 38.Nc6+ Kc7 39.Rxd7+ Kxc6 40.Rxa7
Rg2+ 41.Kc1 Bh6+ 42.Kb1 Bg7 43.b3 Kd5 44.Nf2 Bd4 45.Nd1 e5 46.Rb7 Kc6 47.
Re7 Re2 48.Re8 e4 49.a4 bxa4 50.bxa4 e3 51.Kc1 c4 52.Rd8 Kc5 53.a5 Re1 54.
Rc8+ Kd5 55.Rd8+ Ke4 56.Kc2 Re2+ 57.Kc1 Ra2 0-1

[Event "POL-ChT3"]
[Site "Lazy POL"]
[Date "2012.09.06"]
[Round "6"]
[White "Wolynski, Krzysztof"]
[Black "Kolosowski, Pawel"]
[Result "1/2-1/2"]
[WhiteElo "2056"]
[BlackElo "2280"]
[EventDate "2012.09.01"]
[PlyCount "42"]

1.e4 e5 2.Nf3 Nc6 3.Bc4 Nf6 4.d4 exd4 5.O-O Nxe4 6.Re1 d5 7.Bxd5 Qxd5 8.
Nc3 Qa5 9.Nxe4 Be6 10.Neg5 O-O-O 11.Nxe6 fxe6 12.Rxe6 Bd6 13.Qe2 Qh5 14.h3
h6 15.Bd2 Rde8 16.Re1 Rxe6 17.Qxe6+ Kd8 18.Qb3 Kc8 19.Qe6+ Kd8 20.Qb3 Kc8 
21.Qe6+ Kd8 1/2-1/2

[Event "POL-ChT3"]
[Site "Lazy POL"]
[Date "2012.09.06"]
[Round "6"]
[White "Siedlinski, Piotr"]
[Black "Cichy, Kamil"]
[Result "1-0"]
[WhiteElo "2092"]
[BlackElo "1992"]
[EventDate "2012.09.01"]
[PlyCount "68"]

1.e4 c5 2.Nf3 d6 3.d4 Nf6 4.Nc3 cxd4 5.Qxd4 a6 6.Bg5 Nc6 7.Qd2 e6 8.Bd3 
Be7 9.O-O b5 10.Rfe1 Qc7 11.Rad1 Ne5 12.Nxe5 dxe5 13.f3 O-O 14.Be3 Bb7 15.
a4 b4 16.Na2 Qa5 17.b3 Rac8 18.Qf2 Bc5 19.Nc1 Nh5 20.Bxc5 Rxc5 21.Bc4 Nf4 
22.Nd3 Nxd3 23.Rxd3 Rcc8 24.Red1 Rfd8 25.Qa7 Rxd3 26.Rxd3 Qc7 27.Bxa6 Qxc2
28.Bc4 Qc1+ 29.Kf2 Qc2+ 30.Kg3 Ba8 31.Qc7 Rf8 32.Rd8 g6 33.Rxf8+ Kxf8 34.
Qb8+ Kg7 1-0

[Event "POL-ChT3"]
[Site "Lazy POL"]
[Date "2012.09.06"]
[Round "6"]
[White "Krupa, Anna"]
[Black "Guzik, Jolanta"]
[Result "1-0"]
[WhiteElo "1888"]
[BlackElo "2139"]
[EventDate "2012.09.01"]
[PlyCount "37"]

1.d4 d5 2.Nf3 Nf6 3.c4 e6 4.e3 Nbd7 5.Bd3 c6 6.Nbd2 Bd6 7.O-O O-O 8.e4 
dxe4 9.Nxe4 Nxe4 10.Bxe4 h6 11.Bc2 c5 12.Qd3 Nf6 13.Be3 Qc7 14.Rad1 Rd8 
15.Qc3 cxd4 16.Bxd4 Qe7 17.Qa5 Qc7 18.Qxc7 Bxc7 19.Be5 1-0